LEADER 01044nam a2200241 u 4500 001 000000065598 003 CaOOAMICUS 005 20070226121501.0 008 011211s1904 it u000 u ita u 035 $a10913607 040 $aPUL(R)$bita 100 1 $aLevi, Adolfo,$d1878-1948.$0(OLS)http://pul/name/16509 245 12$aL'indeterminismo nella filosofia francese contemporanea :$bla filosofia della contingenza /$cAdolfo Levi. 260 $aFirenze :$bB. Seeber,$c1904. 300 $ax, 300 p. ;$c21 cm 504 $aBibliografia in nota. 650 4$aFilosofia francese$ySec. XX.$0(OLS)http://pul/subject/22176 650 4$aDeterminismo e indeterminismo.$0(OLS)http://pul/subject/19997 850 $aPUL 852 $aPUL$W1$xDP2 Filosofia 1$y62$m92 B 35$j84909$nBK-PRI$b $qStampati$B84909$CPULBib$Z2$F84909 $81 941 1 $a8 996 $6245$aL'indeterminismo nella filosofia francese contemporanea :$bla filosofia della contingenza$9(OLS)http://pul/title/87224 996 $6260$aFirenze :$bB. Seeber$9(OLS)http://pul/publisher/71182 LEADER 01550nam a2200337 u 4500 001 000000082436 003 CaOOAMICUS 005 20070226123849.0 008 050413s1989 gw u000 u ger u 020 $a3727806583 (Universitätsverlag) 020 $a3525537239 (Vandenhoeck & Ruprecht) 035 $a11038894 040 $aPUL$bita 100 1 $aBeyerlin, Walter.$0(OLS)http://pul/name/11761 245 10$aReflexe der Amosvisionen im Jeremiabuch /$cWalter Beyerlin. 260 $aFreiburg, Schweiz :$bUniversit&TDtsverlag ;$aGöttingen :$bVandenhoeck & Ruprecht,$c1989. 300 $a119 p. ;$c24 cm 490 1 $aOrbis biblicus et orientalis ;$v93 504 $aInclude riferimenti bibliografici. 630 04$aBiblia.$pV.T.$pIeremias.$0(OLS)http://pul/subject/7181 830 0$aOrbis biblicus et orientalis ;$v93.$0(OLS)http://pul/title/14045 850 $aPUL 852 $aPUL$W1$xSL Religione 3$y85$m220. 05 COLL 1.93$j105034$nBK-PRI$qDDC 21$B105034$CPULBib$Z2$F105034 $HPUL97912 $82 941 1 $a9 960 $aBibbia.$aV. T.$aGeremia$97181 983 0$aOBO. 996 $6020$a3727806583 (Universitätsverlag)$9(OLS)http://pul/number/109250 996 $6020$a3525537239 (Vandenhoeck & Ruprecht)$9(OLS)http://pul/number/109251 996 $6245$aReflexe der Amosvisionen im Jeremiabuch$9(OLS)http://pul/title/107733 996 $6260$aFreiburg, Schweiz :$bUniversit&TDtsverlag$9(OLS)http://pul/publisher/76284 996 $6260$aGöttingen :$bVandenhoeck & Ruprecht$9(OLS)http://pul/publisher/47973